[Event "Michigan Juniors"]
[Site "East Grand Rapids"]
[Date "2005.03.19"]
[Round "2.13"]
[White "Murphy, Christian"]
[Black "Myers, Eric"]
[Result "0-1"]
[WhiteElo "990"]
[BlackElo "1313"]
[PlyCount "46"]
[EventDate "2005.03.19"]
[EventType "swiss"]
[EventRounds "5"]
[EventCountry "USA"]
[SourceTitle "EXT 2006"]
[Source "ChessBase"]
[SourceDate "2005.11.24"]
[SourceVersion "1"]
[SourceVersionDate "2005.11.24"]
[SourceQuality "1"]

1. e4 e5 2. Nf3 d6 3. Bc4 Be7 4. d3 Bg4 5. Nc3 Nf6 6. 0-0 0-0 7. Nd5 Nc6 8. Nxe7+ Qxe7 9. h3 Bh5 10. Bg5 h6 11. Bxf6 Qxf6 12. g4 Bg6 13. c3 Na5 14. b4 Nxc4 15. dxc4 Bxe4 16. Nd2 Bc6 17. b5 Bd7 18. Ne4 Qh4 19. Kh2 f5 20. Nc5 Bc8 21. Nxb7 Bxb7 22. f3 fxg4 23. fxg4 Rf2+ 0-1

[Event "Michigan Juniors"]
[Site "East Grand Rapids"]
[Date "2005.03.19"]
[Round "3.5"]
[White "Myers, Eric"]
[Black "Budzenski, Jonathan"]
[Result "0-1"]
[WhiteElo "1313"]
[BlackElo "1720"]
[PlyCount "148"]
[EventDate "2005.03.19"]
[EventType "swiss"]
[EventRounds "5"]
[EventCountry "USA"]
[SourceTitle "EXT 2006"]
[Source "ChessBase"]
[SourceDate "2005.11.24"]
[SourceVersion "1"]
[SourceVersionDate "2005.11.24"]
[SourceQuality "1"]

1. e4 e5 2. Nf3 Nc6 3. Bc4 Bc5 4. d3 h6 5. 0-0 Nf6 6. h3 d6 7. Nc3 Be6 8. Bb5 0-0 9. Bxc6 bxc6 10. Kh1 Rb8 11. b3 Qd7 12. Na4 Bb6 13. Nh2 d5 14. Nxb6 cxb6 15. Qf3 dxe4 16. dxe4 Qd4 17. Bxh6 Qxe4 18. Qxe4 Nxe4 19. Bc1 f6 20. Kg1 Rfd8 21. Re1 Bf5 22. f4 exf4 23. Bxf4 Rb7 24. Nf3 Rbd7 25. c4 Nc5 26. Be3 Ne4 27. g4 Bh7 28. Kg2 Rd3 29. g5 Kf7 30. h4 Bg6 31. gxf6 gxf6 32. Re2 Nc3 33. Ree1 Bh5 34. Ng1 Rg8+ 35. Kh2 Rg4 36. Bf2 Rd2 37. Nh3 Rxh4 38. Kg2 Rg4+ 39. Kf1 Ne4 40. a4 Nxf2 41. Nxf2 Rf4 42. Re3 Rfxf2+ 43. Ke1 Rfe2+ 44. Rxe2 Rxe2+ 45. Kf1 Rb2 46. a5 Rxb3 47. axb6 axb6 48. Ra7+ Ke6 49. Rc7 Kd6 50. Rc8 Kc5 51. Kf2 Bg4 52. Rc7 Rc3 53. Rf7 f5 54. Rc7 Rxc4 55. Kg3 b5 56. Re7 Re4 57. Rb7 Kc4 58. Rb6 c5 59. Ra6 b4 60. Ra1 b3 61. Rc1+ Kb4 62. Kf2 c4 63. Kg1 c3 64. Kf2 b2 65. Rh1 c2 66. Rh8 Re5 67. Rb8+ Rb5 68. Rd8 c1Q 69. Rd4+ Kc3 70. Rd8 Qf4+ 71. Kg2 Qf3+ 72. Kh2 Qh3+ 73. Kg1 b1R+ 74. Rd1 Rxd1+ 0-1

[Event "Michigan Juniors"]
[Site "East Grand Rapids"]
[Date "2005.03.19"]
[Round "1.16"]
[White "Myers, Eric"]
[Black "Gustafson, Mark"]
[Result "1-0"]
[WhiteElo "1313"]
[BlackElo "692"]
[PlyCount "87"]
[EventDate "2005.03.19"]
[EventType "swiss"]
[EventRounds "5"]
[EventCountry "USA"]
[SourceTitle "EXT 2006"]
[Source "ChessBase"]
[SourceDate "2005.11.24"]
[SourceVersion "1"]
[SourceVersionDate "2005.11.24"]
[SourceQuality "1"]

1. e4 e5 2. Nf3 Nc6 3. Bc4 Nf6 4. d3 d5 5. exd5 Nxd5 6. Ng5 f6 7. Ne4 Be6 8. 0-0 Bd6 9. Bb5 0-0 10. Bxc6 bxc6 11. Nbc3 Qe8 12. Bd2 Qg6 13. Ng3 Rab8 14. b3 Bb4 15. Nce4 Bxd2 16. Nxd2 Nc3 17. Qh5 Qxh5 18. Nxh5 Rbd8 19. Ng3 f5 20. f3 f4 21. Nge4 Ne2+ 22. Kf2 Nd4 23. Rac1 h6 24. Nc5 Rf5 25. c3 Bf7 26. cxd4 Rxd4 27. Nde4 Rd5 28. Rfd1 Bh5 29. Na4 Rd6 30. Nxd6 cxd6 31. Rxc6 d5 32. Rc7 e4 33. dxe4 dxe4 34. Rd8+ Kh7 35. fxe4 Re5 36. Nc3 a6 37. Rd5 Rxd5 38. exd5 Kg8 39. d6 Kf8 40. Nd5 Ke8 41. d7+ Kd8 42. Ra7 Bf7 43. Nb4 g5 44. Nc6# 1-0

[Event "Flint Summer Scholastic op"]
[Site "Flint"]
[Date "2002.08.03"]
[Round "3"]
[White "Myers, Eric"]
[Black "Homa, Seth"]
[Result "0-1"]
[WhiteElo "1134"]
[BlackElo "1609"]
[PlyCount "56"]
[EventDate "2002.08.03"]
[EventType "swiss"]
[EventRounds "5"]
[EventCountry "USA"]
[SourceTitle "EXT 2009"]
[Source "ChessBase"]
[SourceDate "2008.11.26"]
[SourceVersion "1"]
[SourceVersionDate "2008.11.26"]
[SourceQuality "1"]

1. e4 Nc6 2. Nf3 e5 3. Nc3 Bb4 4. Bb5 Nf6 5. Bxc6 dxc6 6. Nxe5 Qe7 7. Nf3 0-0 8. d3 Bg4 9. Bg5 h6 10. Bh4 g5 11. Bg3 Nd5 12. Qd2 Rad8 13. 0-0 Bxf3 14. gxf3 Nxc3 15. bxc3 Bd6 16. d4 Qe6 17. e5 Be7 18. f4 Qg4 19. Kh1 Qf3+ 20. Kg1 c5 21. Rad1 cxd4 22. cxd4 Rd5 23. Qe3 Qh5 24. Rd3 b6 25. c4 Ra5 26. a3 Kh8 27. Kh1 Qh3 28. fxg5 Qxf1# 0-1